| 000 | 01664cam a2200517 a 4500 | ||
|---|---|---|---|
| 001 | 22331 | ||
| 003 | VRT | ||
| 005 | 20260326142151.0 | ||
| 008 | 240313s2012 xo g 000 f slo | ||
| 015 | _aSNBA2013 | ||
| 020 |
_a9788089452484 _q(brož.) |
||
| 035 | _a6C4E0985-D7E2-4157-89C1-154EE000C5B4 | ||
| 035 | _aurn:nbn:sk:snk-amjkxq | ||
| 035 | _aurn:nbn:sk:snk-am002fo6 | ||
| 039 | 9 |
_a202403131613 _bVLOAD _c202107021922 _dAUTHORITY _c202107021911 _dAUTHORITY _c202107021909 _dAUTHORITY |
|
| 040 |
_aPPPK _bslo _cPPPK _dSVKBB _dSNK _eAACR2 |
||
| 041 | 0 | _aslo | |
| 044 |
_axo _cSK |
||
| 072 | 7 |
_a821.162.4-3 _xSlovenská próza _2konspekt |
|
| 080 |
_a821.162.4-31 _22001 |
||
| 080 |
_a(0:82-31) _22001 |
||
| 100 | 1 |
_aMacháčková, Monika, _d1969- _4aut |
|
| 245 | 1 | 0 |
_aVšetko v poriadku _bnehľadajte žiadnu podobnosť s realitou- _cMonika Macháčková |
| 250 | _a1. vyd. | ||
| 260 |
_aBratislava _bEvitapress _c2012 |
||
| 300 |
_a293 s. _c17 cm |
||
| 655 | 7 |
_aslovenské romány _2SNKPH |
|
| 655 | 7 |
_aSlovak fiction _2SNKPHeng |
|
| 910 | _apppk | ||
| 910 | _attkjf | ||
| 910 | _apokpoh | ||
| 910 | _atotk | ||
| 910 | _abjkdg | ||
| 910 | _avthk | ||
| 910 | _asvkbb | ||
| 910 | _asllk | ||
| 910 | _askpk | ||
| 910 | _asnk | ||
| 942 |
_2ddc _cKLDO _n0 |
||
| 949 |
_6270001000401794 _asvkbbA 135643 _bsvkbbm 729467 |
||
| 949 |
_6270001000399571 _asvkbbA 135643-a _bsvkbbm 729501 |
||
| 949 |
_617A1050727 _asnkSD 81301 D1 _bsnk2012/19619 _o1785/12 _s6100:20210923 |
||
| 949 |
_617A1033449 _asnkSD 81301 _bsnk2012/16699 _o1785/12 |
||
| 949 |
_6273K0549447 _asvkpoA 215602 _bsvkpo555601 |
||
| 999 |
_c22331 _d22331 |
||